000 00691nam a2200253Ia 4500
003 OSt
005 20221006142821.0
006 a|||||r|||| 00| 0
007 ta
008 221006b |||||||| |||| 00| 0 eng d
020 _a0060113111
_c112.65
024 _a7,247
037 _cTextual
040 _aEASL
_cEASL
_beng
041 _2eng
_aeng
082 _aV42.N75, L5
100 _aFORBIS William H
_9648465
245 0 _aJapan today
_b People, places power
260 _aLondon
_bHapper & Row, Publishers
_c1975
300 _a464p.
_ccm.
490 _v JEL
_aA Cass Canfield Book
942 _hV42.N75, L5
_cTEXL
_2CC
999 _c1075333
_d1075333